Statistiques concernant Discographie de Radiohead (1993-2016)

Cliquez ici pour prendre le quiz!

Statistiques générales

  • Ce quiz a été pris 73 fois
  • Le résultat moyen est 51 sur 109

Statistiques - réponses

Réponse% Correct
Creep
96%
No Surprises
91%
Paranoid Android
87%
Exit Music (For a Film)
83%
You
81%
Karma Police
79%
Weird Fishes / Arpeggi
79%
Airbag
77%
Just
77%
The Bends
77%
Let Down
75%
15 Step
74%
Jigsaw Falling Into Place
74%
Nude
74%
2+2=5
72%
Everything in Its Right Place
72%
Lucky
72%
All I Need
70%
Kid A
70%
Black Star
68%
Fake Plastic Trees
68%
High and Dry
68%
Reckoner
66%
My Iron Lung
64%
Street Spirit (Fade Out)
64%
The Tourist
64%
Videotape
64%
How to Disappear Completely
62%
Knives Out
62%
Pyramid Song
62%
Climbing Up the Walls
60%
Fitter Happier
60%
A Wolf at the Door
58%
Bodysnatchers
58%
Electioneering
57%
(Nice Dream)
57%
Planet Telex
57%
Anyone Can Play Guitar
55%
Faust Arp
55%
House of Cards
55%
You and Whose Army?
55%
Blow Out
53%
Bullet Proof ... I Wish I Was
53%
Subterranean Homesick Alien
53%
The National Anthem
53%
True Love Waits
53%
Daydreaming
51%
Morning Bell / Amnesiac
51%
Optimistic
51%
Sail to the Moon
49%
There There
49%
Life in a Glasshouse
47%
Bones
45%
Burn the Witch
45%
Idioteque
45%
In Limbo
45%
Motion Picture Soundtrack
45%
Sit Down, Stand Up
45%
Sulk
45%
Codex
43%
Decks Dark
43%
Lotus Flower
43%
A Punchup at a Wedding
40%
Morning Bell
40%
Identikit
38%
Ful Stop
36%
Glass Eyes
36%
I Will
36%
Last Flowers
36%
Like Spinning Plates
36%
Myxomatosis
36%
Where I End and You Begin
36%
Bangers & Mash
34%
Hunting Bears
34%
I Might Be Wrong
34%
The Numbers
34%
Vegetable
34%
Thinking About You
32%
Present Tense
30%
Scatterbrain
30%
Untitled
30%
Backdrifts
28%
Bloom
28%
Dollars and Cents
28%
Go Slowly
28%
Go to Sleep
28%
Mk1
26%
Mk2
26%
Packt Like Sardines in a Crushd Tin Box
26%
Stop Whispering
26%
The Gloaming
26%
Desert Island Disk
25%
Down is the New Up
25%
How Do You?
25%
I Can't
25%
Little By Little
25%
Lurgee
25%
Give Up The Ghost
23%
Ripcord
23%
Separator
23%
We Suck Young Blood
23%
4 Minute Warning
21%
Prove Yourself
21%
Pulk/Pull Revolving Doors
21%
Up on the Ladder
21%
Tinker Tailor Soldier Sailor Rich Man Poor Man Beggar Man Thief
19%
Feral
17%
Morning Mr Magpie
17%
Treelingers
8%

Distribution des résultats

Percentile par nombre de réponses

% des personnes avec chaque résultat

Votre développement - résultats

Vous n’avez pas pris ce quiz